The Developing Human Clinically Oriented Embryology / (Record no. 8389)
[ view plain ]
| 000 -LEADER | |
|---|---|
| fixed length control field | 00494nam a2200181Ia 4500 |
| 020 ## - INTERNATIONAL STANDARD BOOK NUMBER | |
| International Standard Book Number | 9780323313384 |
| 082 ## - DEWEY DECIMAL CLASSIFICATION NUMBER | |
| Classification number | 612.64018 |
| Author Mark | MOO |
| 100 ## - MAIN ENTRY--PERSONAL NAME | |
| Author Name | Keith L. Moore |
| 245 #4 - TITLE STATEMENT | |
| Title | The Developing Human Clinically Oriented Embryology / |
| 250 ## - EDITION STATEMENT | |
| Edition statement | 10th |
| 260 ## - PUBLICATION, DISTRIBUTION, ETC. | |
| Name of publisher, distributor, etc. | Elsevier |
| Date of publication, distribution, etc. | 2016 |
| 300 ## - PHYSICAL DESCRIPTION | |
| No of Pages | 524 |
| 440 ## - SERIES STATEMENT/ADDED ENTRY--TITLE | |
| Title | The Developing Human |
| 504 ## - BIBLIOGRAPHY, ETC. NOTE | |
| Bibliography, Index, etc. note | NIL |
| 650 ## - SUBJECT ADDED ENTRY--TOPICAL TERM | |
| Subject | Embryology. |
| Keywords | Clinically Oriented Embryology |
| 942 ## - ADDED ENTRY ELEMENTS (KOHA) | |
| Koha item type | Books |
| Source of classification or shelving scheme | |
| 952 ## - LOCATION AND ITEM INFORMATION (KOHA) | |
| -- | 2018-03-16 |
| 952 ## - LOCATION AND ITEM INFORMATION (KOHA) | |
| -- | 2018-03-16 |
| 952 ## - LOCATION AND ITEM INFORMATION (KOHA) | |
| -- | 2018-03-16 |
| Item status | Home library | Current library | Shelving location | Date acquired | Total Checkouts | Full call number | Barcode | Date last seen | Date last checked out | Koha item type | Total Renewals |
|---|---|---|---|---|---|---|---|---|---|---|---|
| Islamabad Medical and Dental College | Islamabad Medical and Dental College | Islamabad Medical and Dental College | 16/03/2018 | 12 | 612.64018 MOO | 10172 | 03/01/2024 | 21/06/2022 | Books | ||
| Islamabad Medical and Dental College | Islamabad Medical and Dental College | Islamabad Medical and Dental College | 16/03/2018 | 15 | 612.64018 MOO | 10173 | 31/05/2024 | 17/10/2023 | Books | 2 | |
| Islamabad Medical and Dental College | Islamabad Medical and Dental College | Islamabad Medical and Dental College | 16/03/2018 | 17 | 612.64018 MOO | 10174 | 11/07/2024 | 11/07/2024 | Books | 2 |
